Pays producteurs de fèves de cacao - Statistiques

Statistiques générales
  • Ce quiz a été pris 108 fois
  • Le résultat moyen est 6 sur 10
Statistiques - réponses
Rang Pays % Correct
6 Brésil
87%
8 Mexique
68%
9 Pérou
68%
1 Côte d'Ivoire
62%
2 Ghana
56%
4 Nigeria
54%
5 Cameroun
53%
3 Indonésie
51%
7 Équateur
48%
10 République Dominicaine
10%
Aucun quiz correspondant
Distribution des résultats
% des personnes avec chaque résultat
Percentile par nombre de réponses
Votre historique - résultats
Vous n’avez pas pris ce quiz